Fancier Names For Food Quiz Stats

 Plays Quiz Updated Jul 7, 2015

Also try: Food Clichés
Challenge
Share
Tweet
Score 0/24 Timer 05:00
1 Play Today
% Correct
caviar
97.2%
dried plums
88.4%
canola oil
87.3%
sashimi
85.7%
foie gras
81.7%
farfalle
79.4%
tartare
77.8%
Rocky Mountain oysters
76.4%
crostini
74.5%
lamb fries
74.3%
haricots verts
74%
consommé
73.6%
% Correct
compote
71.9%
Chilean sea bass
69%
squab
68.4%
mahi-mahi
68.2%
tripe
67.7%
kiwifruit
64.6%
chitterlings
55.7%
sweetbread
53.1%
cervelle de veau
48.4%
grissini
37.8%
hamachi
30.1%
orange roughy
28.8%

You're not logged in!

Compare scores with friends on all Sporcle quizzes.
Join for Free
OR
Log In

You Might Also Like...

Show Comments

Extras

Top Quizzes Today


Score Distribution

Your Account Isn't Verified!

In order to create a playlist on Sporcle, you need to verify the email address you used during registration. Go to your Sporcle Settings to finish the process.

Report this User

Report this user for behavior that violates our Community Guidelines.

Details: